000
00310nam a2200121Ia 4500
008
190216s9999||||xx |||||||||||||| ||und||
100
_a
Alexis Amtonong Joseph
245
0
_a
Methodology For Research
260
_b
Theological Publishing In India
_c
1986
300
_a
134p
650
_a
References
942
_c
REF
999
_c
36170
_d
36170